00496 2200181 4500001002100000005001800021008004100039035002400080090002100104100002200125245004800147250001100195260003100206300002700237650002000264850001500284999001500299YOGYA-0111000000153520110129075550764 ind  0010-011100000001535 aDEP 362.17 Lum P aLUMENTA, Benyamin aPelayanan Medis: citra, konflik dan harapan aCet .1 aYogyakartabkanisiusc1989 a138 hlm.: ilus.; 21 cm aPelayanan medis aYOPDYOG[B] a95P0059036